[Event "CZE-chT U20 Extraliga West 1415"]
[Site "Czech Republic"]
[Date "2014.12.06"]
[Round "5.5"]
[White "Kucerova, Kristyna"]
[Black "Nemcova, Kamila"]
[Result "0-1"]
[WhiteElo "1220"]
[BlackElo "1660"]
[PlyCount "112"]
[EventDate "2014.10.11"]
[EventType "team-tourn"]
[EventRounds "11"]
[EventCountry "CZE"]
[SourceTitle "EXT 2021"]
[Source "ChessBase"]
[SourceDate "2020.10.23"]
[SourceVersion "1"]
[SourceVersionDate "2020.10.23"]
[SourceQuality "1"]
[WhiteTeam "Liberec Desko (U20)"]
[BlackTeam "Praha Promat Oaza (U20)"]
[WhiteTeamCountry "CZE"]
[BlackTeamCountry "CZE"]

1. e4 d5 2. exd5 Qxd5 3. d4 c6 4. Nf3 Nf6 5. c4 Qa5+ 6. Bd2 Qb6 7. Bc3 Bf5 8. Bd3 Bxd3 9. Qxd3 e6 10. Nbd2 Be7 11. 0-0 0-0 12. c5 Qc7 13. Rfe1 Rd8 14. Qc4 Nd5 15. Rac1 Nd7 16. Ne5 Nxe5 17. dxe5 Nxc3 18. Qxc3 Bxc5 19. Nf3 Rd5 20. Re4 Qb6 21. Rf1 Rad8 22. Qc2 Qb5 23. Rf4 h6 24. g3 Bd4 25. Nxd4 Rxd4 26. Rxd4 Rxd4 27. Re1 Qd5 28. h3 Qxa2 29. Qc5 Rd7 30. Re3 Rd1+ 31. Kg2 Qd5+ 32. Qxd5 Rxd5 33. Kf3 Kf8 34. Ke4 Ke7 35. Rb3 b6 36. Ra3 a5 37. Rc3 c5 38. Rb3 Rd4+ 39. Ke3 Rb4 40. Rxb4 cxb4 41. b3 Kd7 42. Kd4 Kc6 43. Kc4 b5+ 44. Kd4 a4 45. bxa4 bxa4 46. Kc4 b3 47. Kc3 Kd5 48. Kb2 Kxe5 49. f3 Kd4 50. Kb1 a3 51. h4 g5 52. hxg5 hxg5 53. g4 Kc3 54. Ka1 b2+ 55. Kb1 Kb3 56. f4 a2# 0-1